Office automation : a manager's guide for improved productivity /

Bibliographic Details
Main Author: Lieberman, Mark A., 1944-
Other Authors: Selig, Gad J., 1939-, Walsh, John J. (John Joseph), 1939-
Format: Book
Language:English
Published: New York : Wiley, [1982]
Subjects:

MARC

Tag First Indicator Second Indicator Subfields
LEADER 00000cam a22000008a 4500
001 in00000089522
005 20151008065403.0
008 820106s1982 nyua b 00110 eng
010 |a  81023114  
020 |a 0471079839 
035 |a (OCoLC)08113331 
035 |9 AAK5860AM 
039 0 |a 2  |b 3  |c 3  |d 3  |e 3 
040 |a DLC  |c DLC  |d TXA  |d UtOrBLW 
049 |a TXAM  |c [1443192] 
050 0 0 |a HF5548.2  |b .L527 
082 0 |a 651.8/4  |2 19 
100 1 |a Lieberman, Mark A.,  |d 1944- 
245 1 0 |a Office automation :  |b a manager's guide for improved productivity /  |c Mark A. Lieberman, Gad J. Selig, John J. Walsh. 
263 |a 8204 
264 1 |a New York :  |b Wiley,  |c [1982] 
264 4 |c ©1982 
300 |a xxi, 331 pages :  |b illustrations ;  |c 24 cm. 
336 |a text  |b txt  |2 rdacontent 
337 |a unmediated  |b n  |2 rdamedia 
338 |a volume  |b nc  |2 rdacarrier 
500 |a "A Wiley-Interscience publication." 
500 |a Includes index. 
504 |a Bibliography: pages 302-304. 
650 0 |a Office practice  |x Automation. 
700 1 |a Selig, Gad J.,  |d 1939- 
700 1 |a Walsh, John J.  |q (John Joseph),  |d 1939- 
999 |a MARS 
999 f f |s 925ec360-6c14-38c8-8695-23bab8e427bb  |i 63550f7e-4c72-337c-b708-6b4154d7d1a3  |t 0 
952 f f |p ric  |a Texas A&M University  |b Rellis Campus  |c Joint Library Facility  |d Remote Storage  |t 0  |e HF5548.2 .L527  |h Library of Congress classification  |i unmediated -- volume  |m A14806135169 
998 f f |a HF5548.2 .L527  |t 0  |l Remote Storage